| 000 | 00711nam a2200193Ia 4500 | ||
|---|---|---|---|
| 003 | LK-CoDNM | ||
| 008 | 010623t xxu||||| |||| 00| 1 sin d | ||
| 040 |
_aLK-CoDNM _dLK-CoDNM _eLK-CoDNM |
||
| 041 | _asin | ||
| 080 |
_a(x)37 _bSRI |
||
| 245 | _aකළුතර අධ්යාපන පර්දේශයේ පස් අවුරුදු අධ්යාපන සංවර්ධන සැලැස්ම 1979-1983 | ||
| 246 | _aKaluthara addyapana pradeshaye pas aurudu addyapana sanwardhana saelasma 1979-1983 | ||
| 260 |
_bPradeshiiya addyapana departhamenthuwa _aKaluthara |
||
| 300 | _b(x)139, 24 cm | ||
| 650 | _aEducation | ||
| 650 | _aKaluthara distric | ||
| 650 | _aPlanning | ||
| 942 | _cBK | ||
| 999 |
_c137786 _d137786 |
||